Theorie et critique des faits sociaux

保存先:
書誌詳細
第一著者: Rezsohazy, Rudolf
フォーマット: テキスト
出版事項: Bruxelles: La Renaissance Du Livre
タグ: タグ追加
タグなし, このレコードへの初めてのタグを付けませんか!

MARC

LEADER 00000 a a2200000 04500
001 39120
003
040
090 |a 0002 R467t  
100 |a Rezsohazy, Rudolf  
245 |a Theorie et critique des faits sociaux  
260 |a Bruxelles:   |b La Renaissance Du Livre  
300 |a 239 p.  
999 |c 16672  |d 16672